MARC

LEADER 00000nam0a2200000 4500
001 220068
005 20231101230315.0
020 |a RU  |b 89-84036 
035 |a (RuTPU)RU\TPU\book\240180 
090 |a 220068 
100 |a 20120809d1989 km a0rusy5003 ca 
101 0 |a rus 
102 |a LV 
105 |a a z 101zy 
200 1 |a Прецизионные структурные исследования кристаллов  |e доклады I Всесоюзного совещания (Юрмала, 26-29 апр. 1988 г.)  |f Академия наук СССР (АН СССР) ; Академия наук СССР (АН СССР), Институт кристаллографии им. А. В. Шубникова (ИК) ; Академия наук Латвийской ССР (АН ЛатССР), Институт органического синтеза (ИОС) ; под ред. А. Ф. Мишневав 
210 |a Рига  |c Ин-т орган. синтеза  |d 1989 
215 |a 248 с.  |c ил. 
320 |a Библиогр. в конце докл. 
606 1 |a Кристаллы  |x Рентгеноструктурный анализ  |2 stltpush  |3 (RuTPU)RU\TPU\subj\80345  |9 88070 
610 1 |a рентгеноструктурный анализ 
610 1 |a структурные исследования 
610 1 |a дифракционные эксперименты 
610 1 |a электронная плотность 
610 1 |a высокотемпературные сверхпроводники 
610 1 |a фазовые переходы 
610 1 |a совещания 
610 1 |a Юрмала 
675 |a 548.73(063)  |z rus 
686 |a 29.19  |2 rugasnti 
702 1 |a Мишнев  |b А. Ф.  |4 340 
712 0 2 |a Академия наук СССР (АН СССР)  |2 stltpush  |3 (RuTPU)RU\TPU\col\722 
712 0 2 |a Академия наук СССР (АН СССР)  |b Институт кристаллографии им. А. В. Шубникова (ИК)  |c (Москва)  |2 stltpush  |3 (RuTPU)RU\TPU\col\11554 
712 0 2 |a Академия наук Латвийской ССР (АН ЛатССР)  |b Институт органического синтеза (ИОС)  |2 stltpush  |3 (RuTPU)RU\TPU\col\12433 
712 1 2 |a Прецизионные структурные исследования кристаллов  |b Всесоюзное совещание  |d 1  |e Юрмала  |f 1989 
801 0 |a RU  |b RuMRKP  |c 19950417  |g psbo 
801 1 |a RU  |b 63413507  |c 20120809 
801 2 |a RU  |b 63413507  |c 20200828  |g RCR 
942 |c BK